000 00236nam a2200109Ia 4500
005 20251222141833.0
008 251222s9999||||xx |||||||||||||| ||spa||
082 _a918.529/P87
245 0 _aAyacucho:
264 _bProm-PerĂº
942 _cLIB
999 _c7168
_d7168